000 00876nam a2200253Ia 4500
003 OSt
005 20221005113356.0
006 a|||||r|||| 00| 0
007 ta
008 221004b |||||||| |||| 00| 0 pan d
020 _a9815253245 (hbk)
_cINR 200.00
024 _a38532
037 _b1017, 30/01/2018, H.K. Prakashan
_cTextual
040 _aCRL
_cCRL
_bpan
041 _2pan
_apan
082 _aY:351.243, 153Q7
100 _aਘੁੰਮਣ, ਆਸਾ ਸਿੰਘ, ਂਚ.
245 0 _aਦਸਤੂਰ-ਇ-ਦਸਤਾਰ
260 _aਮੁਹਾਲੀ
_bਸੁਮਿਤ ਰਟੈਲੀਕਾ ਭਾਰਤ
_c2017
300 _a184ਪ0
_ccm.
650 _aਸਭਿਆਚਾਰ
942 _hY:351.243, 153Q7
_cTEXL
_2cc
999 _c1027969
_d1027969